A field guide to the tiger beetles of the United States and Canada : (Record no. 6973)
[ view plain ]
| 000 -LEADER | |
|---|---|
| fixed length control field | 01450cam a2200325 a 4500 |
| 001 - CONTROL NUMBER | |
| control field | 13697397 |
| 003 - CONTROL NUMBER IDENTIFIER | |
| control field | OSt |
| 005 - DATE AND TIME OF LATEST TRANSACTION | |
| control field | 20210601132307.0 |
| 008 - FIXED-LENGTH DATA ELEMENTS--GENERAL INFORMATION | |
| fixed length control field | 040825s2006 enkb b 001 0 eng |
| 010 ## - LIBRARY OF CONGRESS CONTROL NUMBER | |
| LC control number | 2004020220 |
| 020 ## - INTERNATIONAL STANDARD BOOK NUMBER | |
| International Standard Book Number | 0195181557 ( alk. paper) |
| 040 ## - CATALOGING SOURCE | |
| Original cataloging agency | DLC |
| Transcribing agency | DLC |
| Modifying agency | DLC |
| 043 ## - GEOGRAPHIC AREA CODE | |
| Geographic area code | n-cn--- |
| -- | n-us--- |
| 050 00 - LIBRARY OF CONGRESS CALL NUMBER | |
| Classification number | QL596.C56 |
| Item number | P429 2006 |
| 082 00 - DEWEY DECIMAL CLASSIFICATION NUMBER | |
| Classification number | 595.76PEA 2006 |
| 100 1# - MAIN ENTRY--PERSONAL NAME | |
| Personal name | Pearson, David L., |
| Dates associated with a name | 1943- |
| 9 (RLIN) | 14309 |
| 245 12 - TITLE STATEMENT | |
| Title | A field guide to the tiger beetles of the United States and Canada : |
| Remainder of title | identification, natural history, and distribution of the Cicindelidae / |
| Statement of responsibility, etc. | David L. Pearson, C. Barry Knisley, Charles J. Kazilek. |
| 260 ## - PUBLICATION, DISTRIBUTION, ETC. (IMPRINT) | |
| Place of publication, distribution, etc. | Oxford ; |
| -- | New York : |
| Name of publisher, distributor, etc. | Oxford University Press, |
| Date of publication, distribution, etc. | 2006. |
| 300 ## - PHYSICAL DESCRIPTION | |
| Extent | vi, 227 p. : |
| Other physical details | ill. (some col.), maps ; |
| Dimensions | cm. |
| 504 ## - BIBLIOGRAPHY, ETC. NOTE | |
| Bibliography, etc | Includes bibliographical references (p. 209-211) and index. |
| 650 #0 - SUBJECT ADDED ENTRY--TOPICAL TERM | |
| Topical term or geographic name as entry element | Tiger beetles |
| Geographic subdivision | Canada. |
| 9 (RLIN) | 14310 |
| 650 #0 - SUBJECT ADDED ENTRY--TOPICAL TERM | |
| Topical term or geographic name as entry element | Tiger beetles |
| Geographic subdivision | United States. |
| 9 (RLIN) | 14311 |
| 700 1# - ADDED ENTRY--PERSONAL NAME | |
| Personal name | Knisley, C. Barry. |
| 9 (RLIN) | 14312 |
| 700 1# - ADDED ENTRY--PERSONAL NAME | |
| Personal name | Kazilek, Charles J. |
| 9 (RLIN) | 14313 |
| 856 41 - ELECTRONIC LOCATION AND ACCESS | |
| Materials specified | Table of contents only |
| Uniform Resource Identifier | http://www.loc.gov/catdir/toc/ecip0422/2004020220.html |
| 856 42 - ELECTRONIC LOCATION AND ACCESS | |
| Materials specified | Publisher description |
| Uniform Resource Identifier | http://www.loc.gov/catdir/enhancements/fy0637/2004020220-d.html |
| 906 ## - LOCAL DATA ELEMENT F, LDF (RLIN) | |
| a | 7 |
| b | cbc |
| c | orignew |
| d | 1 |
| e | ecip |
| f | 20 |
| g | y-gencatlg |
| 942 ## - ADDED ENTRY ELEMENTS (KOHA) | |
| Source of classification or shelving scheme | Dewey Decimal Classification |
| Koha item type | Open Shelf |
| Withdrawn status | Lost status | Source of classification or shelving scheme | Damaged status | Not for loan | Home library | Current library | Date acquired | Source of acquisition | Inventory number | Total Checkouts | Full call number | Barcode | Date last seen | Price effective from | Koha item type |
|---|---|---|---|---|---|---|---|---|---|---|---|---|---|---|---|
| Dewey Decimal Classification | MUST Main Library | MUST Main Library | 01/06/2021 | Donation | 07/28474 | 595.76PEA 2006 | 2021-0609 | 01/06/2021 | 01/06/2021 | Open Shelf |
